Flora : The gardener's bible : More than 20.000 garden plants from around the world
Saved in:
| Format: | Book |
|---|---|
| Language: | Undetermined |
| Published: |
London
Cassell
2003
|
| Subjects: | |
| Tags: |
Add Tag
No Tags, Be the first to tag this record!
|
| Institutions: | Trung tâm Học liệu Trường Đại học Cần Thơ |
|---|
| LEADER | 00519nam a2200181Ia 4500 | ||
|---|---|---|---|
| 001 | CTU_129748 | ||
| 008 | 210402s9999 xx 000 0 und d | ||
| 082 | |a 581 | ||
| 082 | |b F632/Vol.2 | ||
| 245 | 0 | |a Flora : | |
| 245 | 4 | |b The gardener's bible : More than 20.000 garden plants from around the world | |
| 245 | 0 | |c Chief consultant: Tony Lord | |
| 260 | |a London | ||
| 260 | |b Cassell | ||
| 260 | |c 2003 | ||
| 650 | |a Botany,Plant ecology | ||
| 904 | |i Giang | ||
| 980 | |a Trung tâm Học liệu Trường Đại học Cần Thơ | ||